Black water : (Record no. 131460)
[ view plain ]
| 000 -LEADER | |
|---|---|
| fixed length control field | 00642nam a22002177a 4500 |
| 005 - DATE AND TIME OF LATEST TRANSACTION | |
| control field | 20181116121042.0 |
| 010 ## - LCCN (DPL NO) | |
| LC control number | B-159528,B-159538, B-159556 |
| 020 ## - INTERNATIONAL STANDARD BOOK NUMBER | |
| Terms of availability | 295.00 |
| International Standard Book Number | 9788176501613 |
| 035 ## - SYSTEM CONTROL NUMBER | |
| System control number | B-159528, B-159538,B-159556 |
| 037 ## - SOURCE OF ACQUISITION | |
| Source of stock number/acquisition | Cen Lib/Ret |
| 082 ## - DEWEY DECIMAL CLASSIFICATION NUMBER | |
| Classification number | N |
| Item number | JOS |
| 100 ## - MAIN ENTRY--PERSONAL NAME | |
| Personal name | Joshi, Himanshu |
| 245 ## - TITLE STATEMENT | |
| Title | Black water : |
| Statement of responsibility, etc | by Himanshu Joshi |
| Remainder of title | novel / |
| 260 ## - PUBLICATION, DISTRIBUTION, ETC. (IMPRINT) | |
| Place of publication, distribution, etc | New Delhi |
| Name of publisher, distributor, etc | Star publications |
| Date of publication, distribution, etc | 2005 |
| 270 ## - ADDRESS | |
| City | New Delhi |
| Address | 4/5 Asaf ali road |
| Postal code | 110002 |
| 300 ## - PHYSICAL DESCRIPTION | |
| Extent | 174p. |
| Dimensions | 20cm(pbk) |
| 650 ## - SUBJECT ADDED ENTRY--TOPICAL TERM | |
| Topical term or geographic name as entry element | Hindi literature |
| 650 ## - SUBJECT ADDED ENTRY--TOPICAL TERM | |
| Topical term or geographic name as entry element | Hindi fiction |
| 942 ## - ADDED ENTRY ELEMENTS (KOHA) | |
| Source of classification or shelving scheme | Dewey Decimal Classification |
| Item type | English Books |
| Classification part | N |
| Call number suffix | JOS |
| Withdrawn status | Lost status | Not for loan | Home library | Current library | Date acquired | Source of acquisition | Cost, normal purchase price | Full call number | Barcode | Copy number | Cost, replacement price | Koha item type | Public note | Collection code |
|---|---|---|---|---|---|---|---|---|---|---|---|---|---|---|
| Bawana | Bawana | 15/07/2015 | Cen Lib/Ret | 295.00 | N JOS | B-159547 | 1 | 295.00 | English Books | |||||
| Written off | Central Library | Central Library | 15/07/2015 | Cen Lib/Ret | 295.00 | N JOS | B-159528 | 1 | 295.00 | English Books | Written off on approval by DLB (By Circulation); dtd 15-06-2023 | |||
| R.C.Libraries (zls) | R.C.Libraries (zls) | 09/11/2018 | 295.00 | N JOS | B-159538 | 1 | 295.00 | English Books | Fiction | |||||
| R.C.Libraries (zls) | R.C.Libraries (zls) | 16/11/2018 | 295.00 | N JOS | B-159556 | 1. | 295.00 | English Books | Fiction | |||||
| Sarojini Nagar | Sarojini Nagar | 20/12/2018 | N JOS | B-159550 | English Books | Fiction |
